000 02255 a2200205 4500
020 _a047001721X
040 _aDLC
_bDLC
082 0 0 _a371.26097
245 0 0 _aComputer-based testing and the internet : issues and advances
_bissues and advances
_cDave Bartram, Ronald K. Hambleton.
260 _aChichester, West Sussex, England ;
_aHokoken, NJ :
_bJohn Wiley & Sons Ltd.,
_cc2005.
300 _ax, 262 p. :
_bill. ;
_c24 cm.
505 0 _aIntroduction: the ITC and its role in advancing measurement practices and international guidelines / Thomas Oakland -- Testing on the internet : issues, challenges and opportunities in the field of occupational assessment / Dave Bartram -- Model-based innovations in computer-based testing / Wim J. van der Linden -- New tests and new items : opportunities and issues / Fritz Drasgow and Krista Mattern -- Psychometric models, test designs, and item types for the next generation of educational and psychological tests / Ronald K. Hambleton -- Operational issues in computer-based testing / Richard Luecht -- Internet testing : the examinee perspective / Michael Harris -- The impact of technology on test manufacture, delivery and use, and on the test taker / Dave Bartram -- Optimizing quality in the use of web-based and computer-based testing for personnel selection / Lutz Hornke and Martin Kersting -- Computer-based testing for professional licensing and certification of health professionals / Donald E. Melnick and Brian E. Clauser -- Issues that simulations face as assessment tools : a discussion of chapters 8 and 9 / Charles Johnson -- Inexorable and inevitable : the continuing story of technology and assessment / Randy Bennett -- Facing the opportunities of the future / Krista Breithaupt, Craig N. Mills and Gerald J. Melican.
650 0 _aPsychological tests
_xData processing.
700 1 _aBartram, Dave,
_d1948-
700 1 _aHambleton, Ronald K.
856 4 1 _3Table of contents only
_uhttp://www.loc.gov/catdir/toc/ecip0512/2005011178.html
856 4 1 _3Publisher description
_uhttp://www.loc.gov/catdir/enhancements/fy0622/2005011178-d.html
856 4 1 _3Contributor biographical information
_uhttp://www.loc.gov/catdir/enhancements/fy0648/2005011178-b.html
942 _cBK
_k371.26097 BAR
_2ddc
999 _c7332
_d7332